L'Arabie avant l'Islam /
محفوظ في:
مؤلفون آخرون: , , ,
التنسيق: كتاب
اللغة: French
منشور في:
Le Calade :
Edisud,
1994.
سلاسل:
Corpus arabicum.
الموضوعات:
الوسوم: إضافة وسم
لا توجد وسوم, كن أول من يضع وسما على هذه التسجيلة!
رقم الطلب: DS38 .P7515 1994
| LEADER | 00971namaa2200277 4500 | ||
|---|---|---|---|
| 003 | OSt | ||
| 005 | 20260105082139.0 | ||
| 008 | 130303s1994 fr a b 000 0 fre d | ||
| 020 | |a 2857447361 | ||
| 040 | |c ARCE Library | ||
| 043 | |a ar--- | ||
| 050 | 4 | |a DS38 .P7515 1994 | |
| 245 | 0 | 2 | |a L'Arabie avant l'Islam / |c Bruno Chiesa ... [et al.] ; sous la direction de Sergio Noja ; préface de Mounir Arbach ; introduction de Francesco Gabrieli. |
| 264 | 1 | |a Le Calade : |b Edisud, |c 1994. | |
| 300 | |a 269, [1] pages : |b illustrations (some color) ; |c 31 cm. | ||
| 490 | 0 | |a Corpus arabicum. | |
| 504 | |a Includes bibliographical references (p. 267-[270]) | ||
| 650 | 0 | |a Arabian Peninsula |x Antiquities. | |
| 650 | 0 | |a Arabian Peninsula |x History. | |
| 700 | 1 | |a Chiesa, Bruno, | |
| 700 | 1 | |a Noja, Sergio. |9 36956 | |
| 700 | 1 | |a Arbach, Mounir. |9 25569 | |
| 700 | 1 | |a Gabrieli, Francesco, |d 1904-1996. |9 30393 | |
| 901 | |a reviewed | ||
| 942 | |c BK |2 lcc | ||
| 999 | |c 2210 |d 2210 | ||
